000 00829nam a2200205 a 4500
001 000043597
005 20250607073643.0
008 140327s2001 dr a 000 0 spa d
040 _aDO-SdBNP
_bspa
_cBNPHU
082 _axxx
_bR426n, 2001
110 1 _aRepública Dominicana
_bSecretaría de Salud Pública y Asistencia Social
_91405
245 1 0 _aNorma nacional de salud reproductiva de la República Dominicana :
_bplanificación familiar /
_cpresentación ; José Rodríguez Soldevila.
250 _a3a ed.
260 _aSanto Domingo :
_bSESPAS,
_c2001.
300 _a125 p. :
_bil. ;
_c21 cm.
490 1 _aNormas nacionales
_v14
504 _aBibliografía : p. 125
710 1 2 _aRepública Dominicana.
_b Secretaria de Estado de Salud Pública y Asistencia Social (2001)
_956549
830 0 _aNormas nacionales ;
_n14
_971413
999 _c43086
_d43086